Segmentation of modern structured product market

Segmentácia trhu s modernými štruktúrovanými produktami. Tieto produkty možno rozdeliť do dvoch základných skupín. Na jednej strane sú to investičné produkty zahrnujúce investičné certifikáty a akciové dlhopisy. Druhú skupinu tvoria produkty, ktoré možno členiť na warranty a knockout produkty. Jedno...

Descrizione completa

Salvato in:
Dettagli Bibliografici
Autore principale: Svoboda, Martin
Natura: Capitolo di libro
Lingua:inglese
Soggetti:
Tags: Aggiungi Tag
Nessun Tag, puoi essere il primo ad aggiungerne!!

MARC

LEADER 00000naa$a2200000$$$4500
001 0045426
005 20231107074044.3
041 0 |a eng 
044 |a SK 
245 1 0 |a Segmentation of modern structured product market  |c Martin Svoboda 
520 |a Segmentácia trhu s modernými štruktúrovanými produktami. Tieto produkty možno rozdeliť do dvoch základných skupín. Na jednej strane sú to investičné produkty zahrnujúce investičné certifikáty a akciové dlhopisy. Druhú skupinu tvoria produkty, ktoré možno členiť na warranty a knockout produkty. Jednotlivé moderné štruktúrované produkty sú cenné papiere, sú podrobne charakterizované z hľadiska štruktúry, výnosovo rizikového profilu, ich výhod a možností použitia v rámci investičných stratégií. 
610 2 0 |a segmentácia trhu 
610 2 0 |a papiere cenné 
610 2 0 |a produkty 
610 2 0 |a certifikáty investičné 
610 2 0 |a dlhopisy 
610 2 0 |a varanty 
610 2 0 |a investovanie 
610 2 0 |a banky 
610 2 0 |a klienti 
100 1 |a Svoboda, Martin